00418nam a2200169Ia 4500003000400000005001700004008004100021020001400062040000700076041000800083082002200091100004300113245001700156260004500173300001700218365001300235OSt20230324154311.0210423s2007 xx 000 0 und d a195690907 cAL aeng a822.33 223bWELS aWELLS (Stanley);ORLIN (Lena Cowen),Ed. aSHAKESPEARE. aNew DelhibOxford University Pressc2007 axxvi,713bPB b475cINR